For Ashphalt Concrete and other Hot Mixture..\ (Record no. 528433)

000 -LEADER
fixed length control field 00327nam a22001457a 4500
003 - CONTROL NUMBER IDENTIFIER
control field NUST
038 ## - RECORD CONTENT LICENSOR
Staff Name MS
082 ## - DEWEY DECIMAL CLASSIFICATION NUMBER
Classification number 0
100 ## - MAIN ENTRY--PERSONAL NAME
Personal name Asphalt Institute
9 (RLIN) 13181
245 ## - TITLE STATEMENT
Title For Ashphalt Concrete and other Hot Mixture..\
250 ## - EDITION STATEMENT
Edition statement 6th
260 ## - PUBLICATION, DISTRIBUTION, ETC.
Place of publication, distribution, etc. USA
Name of publisher, distributor, etc. Asphalt Institute
300 ## - PHYSICAL DESCRIPTION
Extent 141,P;
Dimensions 25cm
942 ## - ADDED ENTRY ELEMENTS (KOHA)
Source of classification or shelving scheme
Koha item type Book
Holdings
Withdrawn status Lost status Source of classification or shelving scheme Damaged status Not for loan Permanent Location Current Location Date acquired Total Checkouts Barcode Date last seen Price effective from Koha item type
          School of Civil and Environmental Engineering (SCEE) School of Civil and Environmental Engineering (SCEE) 09/12/2019   NIT-10471 09/12/2019 09/12/2019 Book
© 2023 Central Library, National University of Sciences and Technology. All Rights Reserved.